[Event "Lugano Paradiso op 11th"]
[White "Syperek, Sebastian"]
[Black "Luciani, Valerio"]
[Site "Lugano"]
[Round "5"]
[Result "0-1"]
[Date "2018.05.13"]
[WhiteElo "2213"]
[BlackElo "2263"]
[PlyCount "54"]
[EventDate "2018.05.11"]
[EventType "swiss"]
[EventRounds "5"]
[EventCountry "SUI"]
[SourceTitle "CBM 184 Extra"]
[Source "ChessBase"]
[SourceDate "2018.06.28"]
[SourceVersion "1"]
[SourceVersionDate "2018.06.28"]
[SourceQuality "1"]

1. d4 f5 2. Nf3 Nf6 3. g3 g6 4. Bg2 Bg7 5. 0-0 0-0 6. b4 d6 7. Bb2 Qe8 8. Nbd2 a5 9. bxa5 Nc6 10. c4 Nxa5 11. Qc2 c6 12. Nb3 h6 13. Nfd2 Nxb3 14. axb3 Rxa1 15. Rxa1 e5 16. c5 exd4 17. Bxd4 d5 18. Re1 g5 19. f3 Qh5 20. Be5 f4 21. e3 fxg3 22. hxg3 Bh3 23. e4 Bxg2 24. Kxg2 g4 25. Rh1 gxf3+ 26. Nxf3 Qg6 27. exd5 Ne4 0-1

[Event "Hessenliga 1617"]
[White "Syperek, Sebastian"]
[Black "Di Capua, Francesco Stefano"]
[Site "Hessen"]
[Round "2.8"]
[Result "1-0"]
[Date "2016.10.09"]
[WhiteElo "2227"]
[BlackElo "1880"]
[PlyCount "77"]
[EventDate "2016.09.18"]
[EventType "team-tourn"]
[EventRounds "9"]
[EventCountry "GER"]
[SourceTitle "EXT 2018"]
[Source "ChessBase"]
[SourceDate "2017.10.13"]
[SourceVersion "1"]
[SourceVersionDate "2017.10.13"]
[SourceQuality "1"]
[WhiteTeam "Bad Nauheim"]
[BlackTeam "Gernsheim"]
[WhiteTeamCountry "GER"]
[BlackTeamCountry "GER"]

1. d4 Nf6 2. Nf3 e6 3. Bf4 d5 4. e3 Bd6 5. Bg3 0-0 6. Bd3 c6 7. Nbd2 Qc7 8. Ne5 Nbd7 9. f4 Re8 10. 0-0 Nf8 11. Bh4 Be7 12. Ndf3 Ne4 13. Bxe4 dxe4 14. Ng5 f6 15. Qh5 g6 16. Qh6 fxe5 17. Nxe4 exd4 18. Bf6 Bxf6 19. Nxf6+ Kf7 20. Nxe8 Kxe8 21. exd4 Qb6 22. Qg7 Qxb2 23. Rae1 Qb4 24. g4 Qe7 25. Qh6 Kd8 26. f5 gxf5 27. gxf5 Kc7 28. fxe6 Bxe6 29. c4 Re8 30. d5 cxd5 31. cxd5 Qc5+ 32. Rf2 Qxd5 33. Qf4+ Qd6 34. Rc1+ Kd7 35. Rd2 Bd5 36. Qf5+ Ke7 37. Rxd5 Qb6+ 38. Kh1 Ne6 39. Qxh7+ 1-0

[Event "Hessenliga 1516"]
[White "Syperek, Sebastian"]
[Black "Bethke, Richard"]
[Site "Germany"]
[Round "3.6"]
[Result "0-1"]
[Date "2015.11.22"]
[WhiteElo "2227"]
[BlackElo "1678"]
[PlyCount "52"]
[EventDate "2015.09.27"]
[EventType "team-tourn"]
[EventRounds "9"]
[EventCountry "GER"]
[SourceTitle "EXT 2018"]
[Source "ChessBase"]
[SourceDate "2017.10.13"]
[SourceVersion "1"]
[SourceVersionDate "2017.10.13"]
[SourceQuality "1"]
[WhiteTeam "Bad Nauheim"]
[BlackTeam "Gelnhausen"]
[WhiteTeamCountry "GER"]
[BlackTeamCountry "GER"]

1. d4 d5 2. c4 e6 3. Nc3 Nf6 4. Bg5 Nbd7 5. cxd5 exd5 6. e3 c6 7. Bd3 Be7 8. Nge2 0-0 9. Ng3 h6 10. h4 Re8 11. Nf5 Bf8 12. Qf3 Qb6 13. 0-0-0 Re6 14. g4 Bb4 15. Bxf6 Bxc3 16. bxc3 Nxf6 17. g5 Ne4 18. Bxe4 dxe4 19. Qf4 Qa5 20. Kb2 c5 21. dxc5 Ra6 22. Ra1 Qb5+ 23. Kc1 Qxc5 24. Nd4 Qxc3+ 25. Kb1 Rb6+ 26. Nb3 Be6 0-1

[Event "Dresden ZMD op 23rd"]
[White "Hahn, Florian"]
[Black "Syperek, Sebastian"]
[Site "Dresden"]
[Round "7"]
[Result "0-1"]
[Date "2014.08.21"]
[WhiteElo "2133"]
[BlackElo "2198"]
[PlyCount "158"]
[EventDate "2014.08.15"]
[EventType "swiss"]
[EventRounds "9"]
[EventCountry "GER"]
[SourceTitle "CBM 161 Extra"]
[Source "ChessBase"]
[SourceDate "2014.08.29"]
[SourceVersion "1"]
[SourceVersionDate "2014.08.29"]
[SourceQuality "1"]

1. d4 Nf6 2. c4 g6 3. g3 Bg7 4. Bg2 0-0 5. Nc3 d6 6. Nf3 Nbd7 7. 0-0 e5 8. e4 exd4 9. Nxd4 Re8 10. Re1 a6 11. h3 Rb8 12. a4 a5 13. Ndb5 Nc5 14. Bf4 Be6 15. Qe2 Nh5 16. Be3 c6 17. Nd4 Bd7 18. Rad1 Qe7 19. Qc2 Rbd8 20. Kh2 Bc8 21. f4 Qc7 22. Bf2 Na6 23. Qd2 Nb4 24. Nc2 Be6 25. Ne3 Bh6 26. Ne2 Nf6 27. g4 d5 28. cxd5 cxd5 29. Qc3 Bxf4+ 30. Nxf4 Qxf4+ 31. Bg3 Qg5 32. exd5 Nfxd5 33. Nxd5 Bxd5 34. Rxe8+ Rxe8 35. Bxd5 Nxd5 36. Qxa5 Re2+ 37. Kh1 Qe3 38. Qxd5 Qxg3 39. Qd8+ Kg7 40. Qd4+ Kg8 41. Qd8+ Kg7 42. Qd4+ Kh6 43. g5+ Kh5 44. Qg4+ Qxg4 45. hxg4+ Kxg5 46. b3 Rb2 47. Rd7 Rxb3 48. Rxf7 h6 49. Rg7 Rb4 50. a5 Rb5 51. Kg2 Rxa5 52. Rxb7 Kxg4 53. Rb4+ Kf5 54. Kg3 g5 55. Rb8 Ra3+ 56. Kg2 Kg4 57. Rb4+ Kh5 58. Rb5 Kh4 59. Rb1 g4 60. Rb2 h5 61. Rc2 Rf3 62. Ra2 Kg5 63. Ra8 Rf6 64. Ra5+ Rf5 65. Ra8 h4 66. Ra4 h3+ 67. Kg3 Rf3+ 68. Kh2 Kh4 69. Rb4 Re3 70. Ra4 Re2+ 71. Kh1 Kg3 72. Ra3+ Kf4 73. Ra4+ Re4 74. Ra1 g3 75. Rf1+ Kg4 76. Ra1 Rf4 77. Rb1 h2 78. Kg2 Rf2+ 79. Kh1 Kh3 0-1

[Event "Dresden ZMD op 23rd"]
[White "Syperek, Sebastian"]
[Black "Izsak, Gyula"]
[Site "Dresden"]
[Round "4"]
[Result "0-1"]
[Date "2014.08.18"]
[WhiteElo "2198"]
[BlackElo "2444"]
[PlyCount "54"]
[EventDate "2014.08.15"]
[EventType "swiss"]
[EventRounds "9"]
[EventCountry "GER"]
[SourceTitle "CBM 161 Extra"]
[Source "ChessBase"]
[SourceDate "2014.08.29"]
[SourceVersion "1"]
[SourceVersionDate "2014.08.29"]
[SourceQuality "1"]

1. Nf3 Nf6 2. g3 b6 3. Bg2 Bb7 4. 0-0 c5 5. d3 e6 6. Nbd2 d6 7. e4 Qc7 8. b3 Be7 9. Bb2 0-0 10. Nh4 d5 11. f4 dxe4 12. dxe4 Nc6 13. e5 Nd5 14. Nf5 Rad8 15. Nxe7+ Ncxe7 16. Qe2 Nf5 17. Be4 Nde3 18. Rfe1 Rxd2 19. Qxd2 Bxe4 20. g4 Rd8 21. Qe2 Bb7 22. gxf5 Qc6 23. Kf2 Qg2+ 24. Kxe3 Qh3+ 25. Kf2 Qxh2+ 26. Kf1 Qh1+ 27. Kf2 Qg2+ 0-1

[Event "Dresden ZMD op 23rd"]
[White "Langheinrich, Ferenc"]
[Black "Syperek, Sebastian"]
[Site "Dresden"]
[Round "3"]
[Result "0-1"]
[Date "2014.08.17"]
[WhiteElo "2439"]
[BlackElo "2198"]
[PlyCount "108"]
[EventDate "2014.08.15"]
[EventType "swiss"]
[EventRounds "9"]
[EventCountry "GER"]
[SourceTitle "CBM 161 Extra"]
[Source "ChessBase"]
[SourceDate "2014.08.29"]
[SourceVersion "1"]
[SourceVersionDate "2014.08.29"]
[SourceQuality "1"]

1. Nf3 Nf6 2. c4 g6 3. b4 Bg7 4. Bb2 0-0 5. e3 d6 6. Be2 Nbd7 7. 0-0 e5 8. d3 Qe7 9. Nc3 b6 10. Nd2 Bb7 11. Bf3 d5 12. cxd5 Qxb4 13. Qc2 Rfe8 14. Nc4 e4 15. Ba3 exd3 16. Qxd3 Ne5 17. Nxe5 Qxa3 18. Nc4 Qc5 19. Rac1 Rad8 20. Rfd1 Ba6 21. Ne4 Nxe4 22. Bxe4 c6 23. d6 Rd7 24. Bf3 Red8 25. Qb3 Bxc4 26. Rxc4 Qe5 27. Rxc6 Rxd6 28. Rcxd6 Rxd6 29. Bd5 Rd7 30. g3 Bf8 31. Kg2 Bc5 32. a4 Kg7 33. e4 Rc7 34. f4 Qe7 35. e5 a5 36. Qf3 Bb4 37. Qe4 Qc5 38. Bb3 Re7 39. h4 Qc3 40. Rd3 Qb2+ 41. Kh3 Qf2 42. Rd1 Qb2 43. Rb1 Qc3 44. h5 Qc8+ 45. Kg2 Qg4 46. hxg6 hxg6 47. e6 f6 48. Rc1 Bc5 49. Rd1 Qh5 50. Rd8 Bb4 51. Bd1 Qc5 52. Qa8 Kh6 53. Rd5 Qc3 54. Rd7 Rxd7 0-1

[Event "Hessenliga 1213"]
[White "Syperek, Sebastian"]
[Black "Rothenbacher, Jochen"]
[Site "Germany"]
[Round "8.8"]
[Result "0-1"]
[Date "2013.04.21"]
[WhiteElo "2198"]
[BlackElo "2138"]
[PlyCount "68"]
[EventDate "2012.09.16"]
[EventType "team-tourn"]
[EventRounds "9"]
[EventCountry "GER"]
[SourceTitle "EXT 2014"]
[Source "ChessBase"]
[SourceDate "2013.11.20"]
[SourceVersion "1"]
[SourceVersionDate "2013.11.20"]
[SourceQuality "1"]
[WhiteTeam "Eppstein"]
[BlackTeam "Bad Nauheim"]
[WhiteTeamCountry "GER"]
[BlackTeamCountry "GER"]

1. d4 d6 2. Nf3 Nf6 3. c4 Nbd7 4. Nc3 e5 5. d5 Be7 6. e4 0-0 7. Be2 h6 8. 0-0 Nh7 9. Be3 Ng5 10. Ne1 Nf6 11. f3 Nh5 12. Nd3 f5 13. exf5 Bxf5 14. f4 Bxd3 15. Qxd3 Nxf4 16. Bxf4 exf4 17. Bd1 f3 18. Bxf3 Nxf3+ 19. Rxf3 Rxf3 20. Qxf3 Bf6 21. Re1 Be5 22. Qh3 Qe7 23. Kh1 Rf8 24. Qe3 Qh4 25. h3 Qxc4 26. Qxa7 Bd4 27. Qxb7 Rf1+ 28. Rxf1 Qxf1+ 29. Kh2 Be5+ 30. g3 Qf2+ 31. Kh1 Qf3+ 32. Kg1 Bd4+ 33. Kh2 Qf2+ 34. Kh1 Qg1# 0-1

[Event "Hessenliga 1011"]
[White "Syperek, Sebastian"]
[Black "Ackermann, Johannes"]
[Site "Germany"]
[Round "3.7"]
[Result "0-1"]
[Date "2010.11.28"]
[WhiteElo "2198"]
[BlackElo "1938"]
[PlyCount "50"]
[EventDate "2010.09.26"]
[EventType "team-tourn"]
[EventRounds "9"]
[EventCountry "GER"]
[SourceTitle "EXT 2012"]
[Source "ChessBase"]
[SourceDate "2011.11.24"]
[SourceVersion "1"]
[SourceVersionDate "2011.11.24"]
[SourceQuality "1"]
[WhiteTeam "Eppstein"]
[BlackTeam "Hofheim II"]
[WhiteTeamCountry "GER"]
[BlackTeamCountry "GER"]

1. d4 d5 2. Nf3 c5 3. e3 e6 4. c4 Nf6 5. Nc3 Nc6 6. a3 cxd4 7. exd4 Be7 8. Bg5 0-0 9. Rc1 dxc4 10. Bxc4 Nd5 11. Bxe7 Ncxe7 12. 0-0 b6 13. Re1 Bb7 14. Ne4 Nf5 15. Ne5 Nd6 16. Bd3 Nxe4 17. Bxe4 Rc8 18. Qa4 Rxc1 19. Rxc1 Nf4 20. Re1 Bxe4 21. Rxe4 Qc7 22. Qd1 Nd5 23. g3 Rd8 24. Re2 Ne7 25. Rc2 Qxe5 0-1

[Event "Berlin Lichtenberger op 6th"]
[White "Syperek, Sebastian"]
[Black "Eisentraeger, Sebastian"]
[Site "Berlin"]
[Round "?"]
[Result "1/2-1/2"]
[Date "2007.??.??"]
[WhiteElo "2243"]
[BlackElo "1854"]
[PlyCount "50"]
[EventDate "2007.08.18"]
[EventType "swiss"]
[EventRounds "9"]
[EventCountry "GER"]
[SourceTitle "CBM 120 Extra"]
[Source "ChessBase"]
[SourceDate "2007.11.01"]
[SourceVersion "1"]
[SourceVersionDate "2007.11.01"]
[SourceQuality "1"]

1. d4 f5 2. Nc3 Nf6 3. Bg5 g6 4. Bxf6 exf6 5. e3 d5 6. Bd3 Bh6 7. Qf3 c6 8. Nge2 0-0 9. h3 Bg7 10. 0-0-0 Na6 11. a3 b5 12. g4 b4 13. Nb1 bxa3 14. bxa3 Rb8 15. gxf5 g5 16. h4 Qe7 17. Nec3 Nc7 18. hxg5 fxg5 19. f6 h6 20. Qg3 Rxf6 21. e4 Qf7 22. exd5 cxd5 23. Rde1 Rf3 24. Bg6 Qf4+ 25. Qxf4 Rxf4 1/2-1/2

[Event "Travemuende op 21th"]
[White "Grosse Honebrink, Brigitte"]
[Black "Syperek, Sebastian"]
[Site "Travemuende"]
[Round "6"]
[Result "0-1"]
[Date "2004.12.29"]
[WhiteElo "1886"]
[BlackElo "2249"]
[PlyCount "92"]
[EventDate "2004.12.27"]
[EventType "swiss"]
[EventRounds "7"]
[EventCountry "GER"]
[SourceTitle "EXT 2006"]
[Source "ChessBase"]
[SourceDate "2005.11.24"]
[SourceVersion "1"]
[SourceVersionDate "2005.11.24"]
[SourceQuality "1"]

1. d4 f5 2. c4 Nf6 3. Nc3 g6 4. Nf3 Bg7 5. Bg5 0-0 6. g3 d6 7. Bg2 c6 8. Qc2 Na6 9. 0-0 Qe8 10. Bxf6 Bxf6 11. e4 fxe4 12. Nxe4 Bg7 13. d5 h6 14. Qd2 Nc7 15. dxc6 bxc6 16. Rac1 Rb8 17. b3 Bg4 18. Nd4 c5 19. Nc6 Rb6 20. Nxa7 Ra6 21. Nb5 Nxb5 22. cxb5 Qxb5 23. Nc3 Qa5 24. Rc2 Kh7 25. Na4 Qxd2 26. Rxd2 Bd4 27. Rc1 Bd7 28. Bf1 Ra7 29. Nb6 Be6 30. Bc4 Bg4 31. Nd5 e6 32. Nf4 d5 33. Bd3 Rf6 34. h3 Bf3 35. Bb1 Raf7 36. Ng2 Bxg2 37. Kxg2 Rxf2+ 38. Rxf2 Rxf2+ 39. Kh1 e5 40. a4 e4 41. a5 e3 42. Bd3 Rd2 43. Bb5 c4 44. bxc4 e2 45. Ba4 Ra2 46. Bc2 Rxc2 0-1

[Event "Travemuende op 21th"]
[White "Syperek, Sebastian"]
[Black "Hentzgen, Thomas"]
[Site "Travemuende"]
[Round "3"]
[Result "1-0"]
[Date "2004.12.28"]
[WhiteElo "2249"]
[BlackElo "2022"]
[PlyCount "69"]
[EventDate "2004.12.27"]
[EventType "swiss"]
[EventRounds "7"]
[EventCountry "GER"]
[SourceTitle "EXT 2006"]
[Source "ChessBase"]
[SourceDate "2005.11.24"]
[SourceVersion "1"]
[SourceVersionDate "2005.11.24"]
[SourceQuality "1"]

1. d4 Nf6 2. Nf3 g6 3. c4 Bg7 4. Nc3 0-0 5. Bg5 d6 6. e4 Nbd7 7. Be2 c6 8. 0-0 h6 9. Bh4 e5 10. d5 Qe7 11. Nd2 g5 12. Bg3 Rd8 13. b4 Nf8 14. Qb3 Ng6 15. Rfd1 Nf4 16. Bf1 N6h5 17. Rac1 Bd7 18. c5 cxd5 19. cxd6 Qxd6 20. exd5 f5 21. Nc4 Qf6 22. Na5 b6 23. Nc6 Re8 24. Nb5 e4 25. Bxf4 gxf4 26. Nc7 f3 27. gxf3 Kh8 28. Nxa8 Qh4 29. fxe4 fxe4 30. Qe3 Rxa8 31. Re1 Rg8 32. Kh1 Bg4 33. Qxe4 Qxf2 34. Qxg4 Bd4 35. Qxd4+ 1-0

[Event "Berlin Unicorn op"]
[White "Poseck, Steffen"]
[Black "Syperek, Sebastian"]
[Site "Berlin"]
[Round "4"]
[Result "1/2-1/2"]
[Date "2003.05.30"]
[WhiteElo "2068"]
[BlackElo "2215"]
[PlyCount "99"]
[EventDate "2003.05.28"]
[EventType "swiss"]
[EventRounds "7"]
[EventCountry "GER"]
[SourceTitle "CBM 094 Extra"]
[Source "ChessBase"]
[SourceDate "2003.07.09"]
[SourceVersion "2"]
[SourceVersionDate "2003.07.09"]
[SourceQuality "1"]

1. d4 f5 2. Nc3 Nf6 3. Bg5 e6 4. e4 Be7 5. e5 Nd5 6. Bxe7 Qxe7 7. Nxd5 exd5 8. Qf3 Qb4+ 9. Qc3 Qxc3+ 10. bxc3 b6 11. Nh3 Ba6 12. Nf4 Bxf1 13. Rxf1 c6 14. Kd2 g5 15. Nh5 Kf7 16. f4 g4 17. h3 gxh3 18. gxh3 Rg8 19. Rg1 Rg6 20. Nf6 Na6 21. Nxh7 Rh6 22. Ng5+ Ke7 23. Rg3 Rh4 24. Ke3 Rah8 25. Rh1 Nc7 26. Nf3 R4h5 27. Rg7+ Ke8 28. Rg5 Ne6 29. Rxh5 Rxh5 30. h4 Kf8 31. Ng1 Rh6 32. Ne2 Ng7 33. Ng3 Kf7 34. Kd3 Ne6 35. Ke3 Ng7 36. Kd3 Rg6 37. Rh3 Rg4 38. Ke3 Kg6 39. Ne2 Nh5 40. Kf3 Kg7 41. Rh1 Kf8 42. a3 Kf7 43. Rh2 Kf8 44. a4 Kf7 45. Rh3 Kf8 46. Rh2 Kf7 47. Ke3 Kf8 48. Kf3 Kf7 49. Rh1 Kf8 50. Rh2 1/2-1/2

[Event "Berlin Unicorn op"]
[White "Syperek, Sebastian"]
[Black "Kalinitschew, Sergey"]
[Site "Berlin"]
[Round "3"]
[Result "0-1"]
[Date "2003.05.29"]
[WhiteElo "2236"]
[BlackElo "2483"]
[PlyCount "112"]
[EventDate "2003.05.28"]
[EventType "swiss"]
[EventRounds "7"]
[EventCountry "GER"]
[SourceTitle "CBM 094 Extra"]
[Source "ChessBase"]
[SourceDate "2003.07.09"]
[SourceVersion "2"]
[SourceVersionDate "2003.07.09"]
[SourceQuality "1"]

1. d4 e6 2. Nf3 f5 3. Bg5 Be7 4. Bxe7 Qxe7 5. Nc3 Nf6 6. e3 b6 7. Bd3 Bb7 8. Qe2 Ne4 9. Bxe4 fxe4 10. Nd2 Qg5 11. f3 exf3 12. Nxf3 Qh5 13. 0-0-0 0-0 14. e4 Nc6 15. Kb1 a6 16. d5 Ne5 17. dxe6 dxe6 18. Nxe5 Qxe5 19. g3 b5 20. Qe3 b4 21. Na4 Qxe4 22. Rhe1 Qxe3 23. Rxe3 Rad8 24. Kc1 Bd5 25. Nc5 Rd6 26. Rde1 Rf6 27. Nd3 a5 28. b3 Kf7 29. Re5 Ke7 30. Rh5 h6 31. Rhe5 c6 32. Kb2 Rd8 33. a3 Rb8 34. axb4 axb4 35. Ra1 Kd6 36. Ra7 g5 37. Ra4 Rf3 38. Re2 Rxd3 39. cxd3 Kc5 40. Kc2 Kd4 41. Ra7 Rb5 42. Ra4 g4 43. Re1 Rb8 44. Re2 h5 45. Re1 c5 46. Ra7 Rf8 47. Re2 Rf3 48. Rd7 Rxd3 49. Rd2 Rxd2+ 50. Kxd2 e5 51. Rh7 Bxb3 52. Rxh5 c4 53. Rg5 c3+ 54. Kc1 Be6 55. Rg6 Kd5 56. Rg7 b3 0-1